Statistiken für Alle Länder Nordamerikas der Größe nach

Klicken Sie hier um das Quiz zu spielen!

Allgemein

  • Dieses Quiz wurde 116 mal gespielt
  • Das Durchschnittsergebnis liegt bei 18 aus 23

Antwortstatistiken

FlächeLand% Korrekt
9.970.610 km²Kanada
100%
9.772.614 km²Vereinigte Staaten
99%
1.959.000 km²Mexiko
98%
112.188 km²Honduras
85%
129.779 km²Nicaragua
85%
110.861 km²Kuba
82%
75.517 km²Panama
81%
108.889 km²Guatemala
80%
48.700 km²Dominikanische Republik
77%
27.750 km²Haiti
77%
21.041 km²El Salvador
76%
51.100 km²Costa Rica
75%
10.991 km²Jamaika
75%
22.965 km²Belize
74%
13.939 km²Bahamas
73%
5.128 km²Trinidad und Tobago
72%
751 km²Dominica
69%
442 km²Antigua und Barbuda
68%
431 km²Barbados
68%
616 km²Saint Lucia
67%
262 km²St. Kitts und Nevis
66%
389 km²St. Vincent und die Grenadinen
66%
344 km²Grenada
65%

Verteilung der Resultate

Perzentil nach korrekt beantworteten Fragen

Anzahl Personen mit jedem Resultat

Ihre Resultats-Entwicklung

Sie haben dieses Quiz noch nicht gespielt